Mecanismos internacionales de vigilancia : ejercicio nuclear del CTBT en Semipalatinsk /

Desde 1996, con la firma del Tratado para la Prohibición Total de Pruebas Nucleares (CTBT), existe una interdicción completa de ensayos nucleares. Firmado por 176 signatarios, está aún pendiente la ratificación de algunos actores significativos: Pakistán, India, Corea del Norte, China, Estados Unido...

Full description

Bibliographic Details
Main Author: Torre, Servando de la
Format: Analitica de revista
Language:Spanish
Published: Madrid, España Estudios de Política Exterior S.A 2008
Subjects:

MARC

LEADER 00000cab a2200000 a 4500
001 037351
003 UAHC_CL
005 20170803124122.0
008 091228s2009 cl f 000 spa
040 |a UAHC_CL  |c UAHC_CL  |d UAHC_CL 
100 1 |a Torre, Servando de la 
245 1 0 |a Mecanismos internacionales de vigilancia :  |b ejercicio nuclear del CTBT en Semipalatinsk /  |c Servando de la Torre. 
260 |b Estudios de Política Exterior S.A  |c 2008  |a Madrid, España 
300 |a p. 23-29 
500 |a En: Politica exterior, vol. XXII, no. 125, Septiembre-octubre 2008. pp. 23-29. ISSN: 02136856. 
520 |a Desde 1996, con la firma del Tratado para la Prohibición Total de Pruebas Nucleares (CTBT), existe una interdicción completa de ensayos nucleares. Firmado por 176 signatarios, está aún pendiente la ratificación de algunos actores significativos: Pakistán, India, Corea del Norte, China, Estados Unidos, Israel e Irán. Tanto el CTBT como el Tratado de No Proliferación (TNP) suponen transparencia y un sistema de inspecciones con el objetivo de crear confianza. Israel, que no es miembro del TNP, mantiene total opacidad sobre su programa nuclear. 
520 |a Desde 1996, con la firma del Tratado para la Prohibición Total de Pruebas Nucleares (CTBT), existe una interdicción completa de ensayos nucleares. Firmado por 176 signatarios, está aún pendiente la ratificación de algunos actores significativos: Pakistán, India, Corea del Norte, China, Estados Unidos, Israel e Irán. Tanto el CTBT como el Tratado de No Proliferación (TNP) suponen transparencia y un sistema de inspecciones con el objetivo de crear confianza. Israel, que no es miembro del TNP, mantiene total opacidad sobre su programa nuclear. 
520 |a Desde 1996, con la firma del Tratado para la ProhibiciÛn Total de Pruebas Nucleares (CTBT), existe una interdicciÛn completa de ensayos nucleares. Firmado por 176 signatarios, est· aún pendiente la ratificaciÛn de algunos actores significativos: Pakist·n, India, Corea del Norte, China, Estados Unidos, Israel e Ir·n. Tanto el CTBT como el Tratado de No ProliferaciÛn (TNP) suponen transparencia y un sistema de inspecciones con el objetivo de crear confianza. Israel, que no es miembro del TNP, mantiene total opacidad sobre su programa nuclear. 
650 4 |a PRUEBAS 
650 4 |a nuclear 
650 4 |a TRATADOS 
759 |a PP104 
773 0 |t Política exterior  |w 037262 
900 |a POLITICA EXTERIOR-125/08 
942 |c REVA 
952 |0 0  |1 0  |4 0  |6 POLITICA_EXTERIOR125_08_000000000000000  |7 0  |8 General  |9 71254  |a BC  |b BC  |c General  |d 2017-08-03  |l 0  |o POLITICA EXTERIOR-125/08  |p FICTICIO5390  |r 2019-01-08 00:00:00  |t 1  |w 2017-08-03  |y REVA 
999 |c 37351  |d 37351